[Event "Modra Slovakia op"]
[Site "Modra"]
[Date "2024.03.04"]
[Round "7"]
[White "Krivoborodov, Egor"]
[Black "Hasala, Richard"]
[Result "1-0"]
[WhiteElo "2555"]
[BlackElo "1935"]
[PlyCount "75"]
[EventDate "2024.03.01"]
[EventType "swiss"]
[EventRounds "9"]
[EventCountry "SVK"]
[SourceTitle "CB11_2024"]
[SourceDate "2024.03.13"]
[SourceVersion "1"]
[SourceVersionDate "2024.03.13"]
[SourceQuality "1"]

1. d4 Nf6 2. Bf4 e6 3. e3 d5 4. Nf3 Be7 5. Bd3 0-0 6. Nbd2 b6 7. Ne5 Bb7 8. Qf3 c5 9. c3 Nbd7 10. Qh3 g6 11. Ndf3 Ne4 12. Bh6 Re8 13. Bb5 Bc8 14. Bf4 Rf8 15. Bh6 Re8 16. Bc6 Nxe5 17. Nxe5 f6 18. Bxa8 fxe5 19. Bc6 Bd7 20. Bxd7 Qxd7 21. dxe5 d4 22. exd4 cxd4 23. Rd1 Qc6 24. 0-0 dxc3 25. Rc1 Bc5 26. bxc3 Rd8 27. Be3 Rd3 28. Qh6 Qd5 29. Bxc5 Qxc5 30. c4 Qxe5 31. Rcd1 Nc5 32. Rxd3 Nxd3 33. Rd1 Qe2 34. Qd2 Qxd2 35. Rxd2 Ne5 36. Rd8+ Kg7 37. Rc8 Kf6 38. c5 1-0

[Event "Bratislava exe op"]
[Site "Bratislava"]
[Date "2023.09.23"]
[Round "9"]
[White "Salgovic, Simon"]
[Black "Hasala, Richard"]
[Result "1/2-1/2"]
[WhiteElo "2161"]
[BlackElo "1855"]
[PlyCount "47"]
[EventDate "2023.09.15"]
[EventType "swiss"]
[EventRounds "9"]
[EventCountry "SVK"]
[SourceTitle "EXT 2024"]
[Source "ChessBase"]
[SourceDate "2023.10.10"]
[SourceVersion "1"]
[SourceVersionDate "2023.10.10"]
[SourceQuality "1"]

1. e4 e5 2. Nf3 Nc6 3. Nc3 Nf6 4. h3 Bb4 5. Nd5 Nxd5 6. exd5 Nd4 7. Nxd4 exd4 8. Qf3 0-0 9. Be2 Qe7 10. 0-0 Re8 11. Bd3 d6 12. a3 Bc5 13. b4 Bb6 14. Bb2 Qg5 15. c4 Bd7 16. Qg3 Qxg3 17. fxg3 c5 18. dxc6 bxc6 19. a4 a5 20. b5 c5 21. Rfe1 f5 22. Rxe8+ Rxe8 23. Kf2 Kf7 24. Re1 1/2-1/2

[Event "Skalica op-B"]
[Site "Skalica"]
[Date "2023.08.21"]
[Round "3"]
[White "Milanowski, Jan"]
[Black "Hasala, Richard"]
[Result "0-1"]
[WhiteElo "1783"]
[BlackElo "1789"]
[PlyCount "76"]
[EventDate "2023.08.19"]
[EventType "swiss"]
[EventRounds "9"]
[EventCountry "SVK"]
[SourceTitle "CBM 215 Extra"]
[Source "ChessBase"]
[SourceDate "2023.09.30"]
[SourceVersion "1"]
[SourceVersionDate "2023.09.30"]
[SourceQuality "1"]

1. d4 d5 2. Nf3 Nf6 3. Bf4 c5 4. c3 Qb6 5. Qb3 Nc6 6. e3 c4 7. Qxb6 axb6 8. Nbd2 Bf5 9. Be2 e6 10. Nh4 Bg6 11. Nxg6 hxg6 12. 0-0 Be7 13. h3 b5 14. a3 0-0 15. f3 Nd7 16. e4 Nb6 17. Bg3 Na4 18. Rab1 Bxa3 19. bxa3 Nxc3 20. Rbe1 Rxa3 21. Bd6 Ra2 22. Bxf8 Rxd2 23. exd5 exd5 24. Bxc4 bxc4 25. Re8 Kh7 26. Bc5 Ne2+ 27. Kh2 Nexd4 28. Rb1 Nb3 29. Bd6 Ncd4 30. Bf4 Re2 31. Rd8 Ne6 32. Rxd5 Nxf4 33. Rd7 Rxg2+ 34. Kh1 Nd2 35. Rg1 Rxg1+ 36. Kxg1 Nxf3+ 37. Kf2 Ne5 38. Rxb7 Nxh3+ 0-1

[Event "Skalica op-B"]
[Site "Skalica"]
[Date "2023.08.19"]
[Round "1"]
[White "Korenek, Matus"]
[Black "Hasala, Richard"]
[Result "0-1"]
[WhiteElo "1499"]
[BlackElo "1789"]
[PlyCount "76"]
[EventDate "2023.08.19"]
[EventType "swiss"]
[EventRounds "9"]
[EventCountry "SVK"]
[SourceTitle "CBM 215 Extra"]
[Source "ChessBase"]
[SourceDate "2023.09.30"]
[SourceVersion "1"]
[SourceVersionDate "2023.09.30"]
[SourceQuality "1"]

1. e4 c5 2. Nf3 d6 3. d4 cxd4 4. Nxd4 Nf6 5. Nc3 a6 6. Be3 e5 7. Nb3 Nc6 8. Qd2 Be6 9. f3 Be7 10. 0-0-0 Rc8 11. Kb1 Qc7 12. g4 b5 13. g5 Nd7 14. h4 Nb6 15. h5 Nc4 16. Bxc4 bxc4 17. Nc1 Rb8 18. Na4 Qb7 19. Ne2 Na7 20. g6 Bd7 21. gxf7+ Kf8 22. Nec3 Nb5 23. Ka1 Nxc3 24. Nb6 Nxd1 25. Nxd7+ Qxd7 26. Rxd1 Kxf7 27. f4 Rhc8 28. c3 Qc6 29. Qg2 Bf6 30. f5 Rb7 31. Qg4 Rcb8 32. Rd2 a5 33. h6 Kg8 34. Re2 d5 35. Bg5 Bxg5 36. Qxg5 Qxh6 37. Qg1 dxe4 38. Rxe4 Rxb2 0-1

[Event "Piestany op-B"]
[Site "Piestany"]
[Date "2023.07.19"]
[Round "9"]
[White "Benci, Jozef1111"]
[Black "Hasala, Richard"]
[Result "1-0"]
[WhiteElo "1783"]
[BlackElo "1728"]
[PlyCount "65"]
[EventDate "2023.07.11"]
[EventType "swiss"]
[EventRounds "9"]
[EventCountry "SVK"]
[SourceTitle "EXT 2024"]
[Source "ChessBase"]
[SourceDate "2023.10.10"]
[SourceVersion "1"]
[SourceVersionDate "2023.10.10"]
[SourceQuality "1"]

1. e4 c5 2. g3 d5 3. exd5 Qxd5 4. Nf3 Bg4 5. Bg2 Qe6+ 6. Kf1 Nc6 7. Nc3 Qd7 8. d3 e6 9. h3 Bh5 10. Be3 Be7 11. Kg1 0-0-0 12. Ne4 b6 13. a4 c4 14. d4 Na5 15. Kh2 Nf6 16. Nxf6 gxf6 17. b3 Bg6 18. Bd2 Nc6 19. a5 cxb3 20. cxb3 b5 21. Rc1 Kb8 22. Qe2 a6 23. Rxc6 Qxc6 24. Ne5 Qxg2+ 25. Kxg2 fxe5 26. Qxe5+ Bd6 27. Qe2 Rc8 28. Rc1 Rxc1 29. Bxc1 Rc8 30. Bf4 Bxf4 31. gxf4 Rd8 32. Qe5+ Kb7 33. Qc5 1-0

[Event "Piestany op-B"]
[Site "Piestany"]
[Date "2023.07.16"]
[Round "6"]
[White "Hasala, Richard"]
[Black "Bednar, Jan"]
[Result "1/2-1/2"]
[WhiteElo "1728"]
[BlackElo "1917"]
[PlyCount "48"]
[EventDate "2023.07.11"]
[EventType "swiss"]
[EventRounds "9"]
[EventCountry "SVK"]
[SourceTitle "EXT 2024"]
[Source "ChessBase"]
[SourceDate "2023.10.10"]
[SourceVersion "1"]
[SourceVersionDate "2023.10.10"]
[SourceQuality "1"]

1. e4 e5 2. Nf3 Nc6 3. d4 exd4 4. Nxd4 Bc5 5. Be3 Qf6 6. c3 Nge7 7. Bc4 0-0 8. 0-0 Bb6 9. f4 d6 10. Qd2 Be6 11. Nxe6 fxe6 12. f5 Bxe3+ 13. Qxe3 d5 14. Bb3 Kh8 15. Nd2 exf5 16. exd5 Na5 17. Qe6 Rad8 18. Nf3 Nxb3 19. axb3 a6 20. Rad1 Nxd5 21. Nd4 Rfe8 22. Qxf6 Nxf6 23. Nxf5 g6 24. Ng3 Kg7 1/2-1/2

[Event "Piestany op-B"]
[Site "Piestany"]
[Date "2023.07.12"]
[Round "2"]
[White "Hasala, Richard"]
[Black "Meszaros, Casey Ryan"]
[Result "1-0"]
[WhiteElo "1728"]
[BlackElo "1939"]
[PlyCount "59"]
[EventDate "2023.07.11"]
[EventType "swiss"]
[EventRounds "9"]
[EventCountry "SVK"]
[SourceTitle "EXT 2024"]
[Source "ChessBase"]
[SourceDate "2023.10.10"]
[SourceVersion "1"]
[SourceVersionDate "2023.10.10"]
[SourceQuality "1"]

1. e4 c5 2. Nf3 Nc6 3. d4 cxd4 4. Nxd4 Qb6 5. Nb3 Nf6 6. Be3 Qc7 7. Nc3 e6 8. a3 a6 9. g4 d6 10. g5 Nd7 11. f4 b5 12. Bg2 Bb7 13. 0-0 Nb6 14. Nd2 0-0-0 15. a4 b4 16. Ne2 a5 17. c4 Nd7 18. f5 e5 19. Ng3 f6 20. Nh5 fxg5 21. Bxg5 Re8 22. Bh3 Rg8 23. Kh1 Ncb8 24. f6 gxf6 25. Nxf6 Bg7 26. Nxe8 Rxe8 27. Rf7 Bh8 28. Qf3 h6 29. Rf8 Bxe4 30. Rxe8+ 1-0

[Event "SVK-ch Amateurs"]
[Site "Liptovsky Jan"]
[Date "2023.06.18"]
[Round "7"]
[White "Slivka, Vasil"]
[Black "Hasala, Richard"]
[Result "0-1"]
[WhiteElo "1554"]
[BlackElo "1832"]
[PlyCount "84"]
[EventDate "2023.06.15"]
[EventType "swiss"]
[EventRounds "8"]
[EventCountry "SVK"]
[SourceTitle "CBM 214 Extra"]
[Source "ChessBase"]
[SourceDate "2023.07.31"]
[SourceVersion "1"]
[SourceVersionDate "2023.07.31"]
[SourceQuality "1"]

1. d4 Nf6 2. c4 e6 3. Nf3 d5 4. Bg5 Be7 5. e3 0-0 6. Nc3 c6 7. Bd3 dxc4 8. Bxc4 b5 9. Bb3 a6 10. 0-0 Bb7 11. Rc1 Nbd7 12. Ne2 Ne4 13. Bxe7 Qxe7 14. Nc3 Nxc3 15. Rxc3 c5 16. dxc5 Nxc5 17. a3 Rac8 18. Qe2 Nxb3 19. Rxb3 Bd5 20. Qd1 Bxb3 21. Qxb3 Rfd8 22. h3 Qc5 23. Qa2 g6 24. Qa1 f6 25. Nd4 Qd5 26. Nf3 Kg7 27. Nd4 e5 28. Nf3 Rc6 29. Kh2 Qd6 30. Kg1 Rdc8 31. Rd1 Qc7 32. Qa2 Rc1 33. Rxc1 Qxc1+ 34. Kh2 Qc7 35. Kg1 Qd6 36. Qb1 Rd8 37. Qe4 Qd5 38. Qb4 Qd1+ 39. Kh2 Qd6 40. Qe4 f5 41. Qxe5+ Qxe5+ 42. Nxe5 Rd2 0-1

[Event "SVK-ch Amateurs"]
[Site "Liptovsky Jan"]
[Date "2023.06.17"]
[Round "6"]
[White "Hasala, Richard"]
[Black "Papp, Gabor3333"]
[Result "0-1"]
[WhiteElo "1832"]
[BlackElo "1617"]
[PlyCount "167"]
[EventDate "2023.06.15"]
[EventType "swiss"]
[EventRounds "8"]
[EventCountry "SVK"]
[SourceTitle "CBM 214 Extra"]
[Source "ChessBase"]
[SourceDate "2023.07.31"]
[SourceVersion "1"]
[SourceVersionDate "2023.07.31"]
[SourceQuality "1"]

1. e4 e6 2. d4 d5 3. Nd2 Nf6 4. e5 Nfd7 5. c3 c5 6. f4 Nc6 7. Ngf3 Rb8 8. Be2 b5 9. 0-0 b4 10. Qc2 bxc3 11. bxc3 Qa5 12. Nb3 Qa4 13. c4 Ba6 14. cxd5 Nb4 15. Qb2 Nxd5 16. Bxa6 Qxa6 17. dxc5 Nxc5 18. Bd2 Be7 19. Kh1 0-0 20. f5 exf5 21. Qd4 Nxb3 22. axb3 Qe6 23. Qxa7 g6 24. b4 Bxb4 25. Ra6 Qc8 26. Rc1 Qb7 27. Bh6 Qxa7 28. Rxa7 Rfc8 29. Rd1 Rc7 30. Ra4 Bf8 31. Bxf8 Kxf8 32. Rad4 Ne3 33. Rg1 Rc2 34. h3 Rbb2 35. Ne1 Re2 36. Rd8+ Ke7 37. Ra8 Rb1 38. Nf3 Rxg1+ 39. Kxg1 Rxg2+ 40. Kh1 Rg3 41. Ng1 f4 42. Ra4 f3 43. Rf4 Ke6 44. Nxf3 Rxh3+ 45. Kg1 Rh5 46. Rf6+ Ke7 47. Ra6 Ng4 48. Ra5 Ke6 49. Nd4+ Ke7 50. Nf3 Rf5 51. Kg2 h5 52. Nd4 Rf4 53. Nf3 Re4 54. Ra7+ Ke8 55. Ra8+ Ke7 56. Ra7+ Kf8 57. Ra5 Kg7 58. Rb5 Kh6 59. Kg3 Ne3 60. Rb7 Nf5+ 61. Kf2 Kg7 62. Ng5 Rxe5 63. Rxf7+ Kh6 64. Nf3 Rd5 65. Rf6 Rd6 66. Rf8 Nd4 67. Ne5 Rd5 68. Re8 h4 69. Ng4+ Kg5 70. Ne3 Ra5 71. Re4 Ra2+ 72. Kf1 Nf3 73. Rg4+ Kh5 74. Rb4 g5 75. Rb8 Nd2+ 76. Ke1 Ne4 77. Rh8+ Kg6 78. Rg8+ Kf6 79. Nd5+ Ke5 80. Ne3 Kf4 81. Nd5+ Kg3 82. Re8 Nc5 83. Re3+ Kh2 84. Re5 0-1

[Event "SVK-ch Amateurs"]
[Site "Liptovsky Jan"]
[Date "2023.06.17"]
[Round "5"]
[White "Mlynek, Maksymilian"]
[Black "Hasala, Richard"]
[Result "1/2-1/2"]
[WhiteElo "1558"]
[BlackElo "1832"]
[PlyCount "77"]
[EventDate "2023.06.15"]
[EventType "swiss"]
[EventRounds "8"]
[EventCountry "SVK"]
[SourceTitle "CBM 214 Extra"]
[Source "ChessBase"]
[SourceDate "2023.07.31"]
[SourceVersion "1"]
[SourceVersionDate "2023.07.31"]
[SourceQuality "1"]

1. d4 Nf6 2. Bf4 e6 3. e3 c5 4. c3 d5 5. Nd2 Nc6 6. Bd3 Bd6 7. Bg3 0-0 8. f4 cxd4 9. exd4 g6 10. Ngf3 Nh5 11. Ne5 Kg7 12. Qg4 f5 13. Qf3 Qb6 14. Rb1 Nf6 15. Bh4 Ne4 16. g4 Qc7 17. gxf5 exf5 18. Rg1 Nxe5 19. fxe5 Be7 20. Bg3 Be6 21. Qe2 a5 22. Nf3 Rab8 23. h4 a4 24. h5 g5 25. Qg2 h6 26. Nh4 Kh7 27. Ng6 Rf7 28. Rf1 a3 29. Bxe4 dxe4 30. d5 axb2 31. Nxe7 Qxe7 32. Qd2 Rd8 33. d6 Qd7 34. Qxb2 f4 35. Bh2 Bc4 36. Qg2 f3 37. Qg3 Qf5 38. Qf2 Ra8 39. Bg3 1/2-1/2

[Event "SVK-ch U14"]
[Site "Dudince"]
[Date "2023.04.20"]
[Round "6"]
[White "Hasala, Richard"]
[Black "Ziman, Damian"]
[Result "1-0"]
[WhiteElo "1790"]
[BlackElo "1341"]
[PlyCount "133"]
[EventDate "2023.04.16"]
[EventType "swiss"]
[EventRounds "9"]
[EventCountry "SVK"]
[SourceTitle "CBM 213 Extra"]
[Source "ChessBase"]
[SourceDate "2023.05.31"]
[SourceVersion "1"]
[SourceVersionDate "2023.05.31"]
[SourceQuality "1"]

1. e4 c5 2. Nf3 d6 3. Bb5+ Nd7 4. c3 a6 5. Ba4 b5 6. Bc2 Ngf6 7. 0-0 g6 8. d4 cxd4 9. cxd4 Bg7 10. Re1 0-0 11. Nbd2 Bb7 12. Nf1 Qc7 13. Bf4 Rac8 14. Rc1 Qb6 15. Ng3 Rc7 16. Qd2 Rfc8 17. Bd3 Rxc1 18. Rxc1 Rxc1+ 19. Qxc1 Qc6 20. Qd2 Nb6 21. b3 Nbd7 22. d5 Qc7 23. b4 Ng4 24. h3 Nge5 25. Bxe5 Nxe5 26. Nxe5 Bxe5 27. Ne2 Bc8 28. f4 Bg7 29. Qc2 Qxc2 30. Bxc2 Bb2 31. Kf1 Ba3 32. Nd4 Kf8 33. Ke2 Bxb4 34. a4 Bc5 35. Nf3 Bd7 36. axb5 Bxb5+ 37. Bd3 Bxd3+ 38. Kxd3 h6 39. Kc4 Kg7 40. Ne1 Be3 41. Nd3 Kf6 42. Kc3 e6 43. g4 Ke7 44. Kc2 f6 45. Kd1 g5 46. fxg5 fxg5 47. Nb4 e5 48. Nxa6 Bb6 49. Kc2 Kd8 50. Kb3 Kc8 51. Kb4 Kb7 52. Kb5 Bd4 53. Nb4 Kc7 54. Nc6 Kd7 55. Nxd4 exd4 56. Kc4 d3 57. Kxd3 Ke7 58. Kd4 Kd7 59. e5 dxe5+ 60. Kxe5 Ke7 61. d6+ Kd7 62. Kf6 Kxd6 63. Kg6 Ke5 64. Kxh6 Kf4 65. Kg6 Kg3 66. Kxg5 Kxh3 67. Kh5 1-0

[Event "Reykjavik op"]
[Site "Reykjavik"]
[Date "2023.04.03"]
[Round "8"]
[White "Koschetzki, Christian"]
[Black "Hasala, Richard"]
[Result "0-1"]
[WhiteElo "1960"]
[BlackElo "1750"]
[PlyCount "72"]
[EventDate "2023.03.29"]
[EventType "swiss"]
[EventRounds "9"]
[EventCountry "ISL"]
[SourceTitle "EXT 2024"]
[Source "ChessBase"]
[SourceDate "2023.10.10"]
[SourceVersion "1"]
[SourceVersionDate "2023.10.10"]
[SourceQuality "1"]

1. c4 c6 2. Nf3 d5 3. cxd5 cxd5 4. d4 Nf6 5. Nc3 Nc6 6. g3 e6 7. Bg2 Bb4 8. 0-0 0-0 9. Bf4 Bxc3 10. bxc3 b6 11. Qd3 Bb7 12. Rac1 Ne4 13. Nd2 Nxd2 14. Bxd2 Na5 15. Rfd1 Nc4 16. Be1 Nb2 17. Qc2 Nxd1 18. Rxd1 Rc8 19. Qa4 Bc6 20. Qa3 Bb5 21. e4 Bc4 22. e5 f6 23. exf6 Qxf6 24. Qb2 Rce8 25. f4 Qg6 26. Bf2 Qg4 27. Re1 h5 28. h4 g5 29. Re5 Rf5 30. fxg5 Rxe5 31. dxe5 Rf8 32. Qc2 Kg7 33. Qa4 Rf7 34. Qe8 Bd3 35. Bxd5 exd5 36. e6 Qd1+ 0-1

[Event "SVK-chT1W 2223"]
[Site "Slovakia"]
[Date "2023.03.12"]
[Round "11.8"]
[White "Capak, Stefan"]
[Black "Hasala, Richard"]
[Result "1/2-1/2"]
[WhiteElo "1927"]
[BlackElo "1750"]
[PlyCount "82"]
[EventDate "2022.10.15"]
[EventType "team-tourn"]
[EventRounds "11"]
[EventCountry "SVK"]
[SourceTitle "EXT 2024"]
[Source "ChessBase"]
[SourceDate "2023.10.10"]
[SourceVersion "1"]
[SourceVersionDate "2023.10.10"]
[SourceQuality "1"]
[WhiteTeam "Povazska Bystrica"]
[BlackTeam "Bratislava Doprastav"]
[WhiteTeamCountry "SVK"]
[BlackTeamCountry "SVK"]

1. d4 Nf6 2. Nf3 d5 3. c4 c6 4. Nc3 e6 5. Bg5 Be7 6. e3 0-0 7. cxd5 exd5 8. Qc2 Nbd7 9. Bd3 h6 10. Bh4 Ne8 11. Bxe7 Qxe7 12. 0-0 Nd6 13. a3 b6 14. e4 dxe4 15. Nxe4 Bb7 16. Rfe1 Nxe4 17. Bxe4 Qd6 18. Ne5 Nxe5 19. dxe5 Qc7 20. Re3 c5 21. Rae1 Rfe8 22. f4 Rad8 23. Qf2 Bxe4 24. Rxe4 Qd7 25. h3 Qd2 26. R1e2 Qc1+ 27. Kh2 Rd1 28. Qe3 Qb1 29. e6 fxe6 30. Rxe6 Red8 31. Re8+ Rxe8 32. Qxe8+ Kh7 33. Qe6 Rh1+ 34. Kg3 Qg6+ 35. Qxg6+ Kxg6 36. Kf3 Kf7 37. Ke4 Rd1 38. Ke5 Rd8 39. Rf2 Ke7 40. f5 Rd6 41. Re2 Rd8 1/2-1/2

[Event "Modra op"]
[Site "Modra"]
[Date "2023.02.21"]
[Round "3"]
[White "Hasala, Richard"]
[Black "Stevik, Patrik1111"]
[Result "0-1"]
[WhiteElo "1748"]
[BlackElo "2297"]
[PlyCount "70"]
[EventDate "2023.02.20"]
[EventType "swiss"]
[EventRounds "7"]
[EventCountry "SVK"]
[SourceTitle "EXT 2024"]
[Source "ChessBase"]
[SourceDate "2023.10.10"]
[SourceVersion "1"]
[SourceVersionDate "2023.10.10"]
[SourceQuality "1"]

1. d4 d5 2. c4 e6 3. Nf3 Be7 4. Nc3 Nf6 5. Bf4 0-0 6. e3 a6 7. c5 Nc6 8. Bd3 h6 9. a3 Nh5 10. Bg3 Nxg3 11. hxg3 Bf6 12. Bc2 e5 13. dxe5 Nxe5 14. Nxe5 Bxe5 15. Qd3 Bxc3+ 16. Qxc3 Be6 17. 0-0-0 Qe7 18. Rh2 b6 19. Rdh1 bxc5 20. Qe5 f6 21. Qh5 f5 22. g4 Qf6 23. gxf5 Bxf5 24. Bxf5 Qxf5 25. Qxf5 Rxf5 26. f3 Re8 27. Kd2 Rfe5 28. Re1 Rb8 29. Kc2 d4 30. e4 c4 31. g3 Reb5 32. Kc1 c3 33. Rd1 c5 34. Rh5 Rxb2 35. Rhh1 d3 0-1

[Event "Modra op"]
[Site "Modra"]
[Date "2023.02.20"]
[Round "1"]
[White "Shykhnenko, Hryhorii"]
[Black "Hasala, Richard"]
[Result "0-1"]
[WhiteElo "1439"]
[BlackElo "1748"]
[PlyCount "60"]
[EventDate "2023.02.20"]
[EventType "swiss"]
[EventRounds "7"]
[EventCountry "SVK"]
[SourceTitle "EXT 2024"]
[Source "ChessBase"]
[SourceDate "2023.10.10"]
[SourceVersion "1"]
[SourceVersionDate "2023.10.10"]
[SourceQuality "1"]

1. e4 c5 2. Nf3 Nc6 3. d4 cxd4 4. Nxd4 Nf6 5. Nc3 e6 6. Ndb5 a6 7. Nd6+ Bxd6 8. Qxd6 Qe7 9. Bf4 e5 10. Qxe7+ Kxe7 11. Bg5 Kf8 12. Bxf6 gxf6 13. Nd5 d6 14. Nxf6 Be6 15. 0-0-0 Rd8 16. f3 Ke7 17. Nd5+ Bxd5 18. Rxd5 Rc8 19. Kb1 h5 20. g3 Nd4 21. c3 Ne6 22. Bh3 h4 23. Bxe6 fxe6 24. Rdd1 Rcf8 25. Rhf1 hxg3 26. hxg3 Rh3 27. f4 exf4 28. gxf4 Re3 29. Rd4 e5 30. Rxd6 Kxd6 0-1

[Event "SVK-ch Amateurs"]
[Site "Radava"]
[Date "2022.11.15"]
[Round "3"]
[White "Hasala, Richard"]
[Black "Kukan, Michal"]
[Result "1-0"]
[WhiteElo "1494"]
[BlackElo "1765"]
[PlyCount "105"]
[EventDate "2022.11.14"]
[EventType "swiss"]
[EventRounds "8"]
[EventCountry "SVK"]
[SourceTitle "CBM 211 Extra"]
[Source "ChessBase"]
[SourceDate "2023.01.31"]
[SourceVersion "1"]
[SourceVersionDate "2023.01.31"]
[SourceQuality "1"]

1. e4 d6 2. d4 g6 3. Nf3 Bg7 4. Be3 Nf6 5. Nc3 0-0 6. Bc4 e6 7. Bb3 b6 8. Qd2 Bb7 9. d5 Re8 10. 0-0-0 exd5 11. exd5 Ne4 12. Nxe4 Rxe4 13. Bh6 Bh8 14. c3 Nd7 15. Rhe1 Nc5 16. Bc2 Rxe1 17. Rxe1 Qd7 18. h3 Re8 19. Be3 a5 20. c4 Ne4 21. Bxe4 Rxe4 22. Bd4 Qe7 23. Bxh8 Rxe1+ 24. Qxe1 Qxe1+ 25. Nxe1 Kxh8 26. Kd2 Kg7 27. Nf3 Kf6 28. b3 b5 29. Nd4 bxc4 30. bxc4 Ke7 31. Kc3 Kd7 32. g3 c6 33. dxc6+ Bxc6 34. Nxc6 Kxc6 35. Kd4 f6 36. a4 h5 37. f4 h4 38. g4 f5 39. g5 Kb6 40. Kd5 Kc7 41. c5 dxc5 42. Kxc5 Kd7 43. Kb5 Kd6 44. Kxa5 Kc5 45. Ka6 Kc6 46. a5 Kc7 47. Kb5 Kb7 48. Kc5 Ka6 49. Kd6 Kxa5 50. Ke6 Kb5 51. Kf6 Kc5 52. Kxg6 Kd5 53. Kxf5 1-0

[Event "SVK-chT2A 2223"]
[Site "Slovakia"]
[Date "2022.11.12"]
[Round "3.7"]
[White "Stevik, Patrik"]
[Black "Hasala, Richard"]
[Result "0-1"]
[WhiteElo "1377"]
[BlackElo "1494"]
[PlyCount "92"]
[EventDate "2022.10.08"]
[EventType "team-tourn"]
[EventRounds "11"]
[EventCountry "SVK"]
[SourceTitle "EXT 2024"]
[Source "ChessBase"]
[SourceDate "2023.10.10"]
[SourceVersion "1"]
[SourceVersionDate "2023.10.10"]
[SourceQuality "1"]
[WhiteTeam "Modra II"]
[BlackTeam "Bratislava Doprastav II"]
[WhiteTeamCountry "SVK"]
[BlackTeamCountry "SVK"]

1. b3 e5 2. Bb2 Nc6 3. e4 Bc5 4. Nf3 d6 5. d4 exd4 6. Nxd4 Qf6 7. c3 Nge7 8. Na3 Bd7 9. Nac2 0-0 10. Qf3 Qxf3 11. Nxf3 Ng6 12. Bc1 Rfe8 13. Nd2 d5 14. f3 f5 15. Ba3 Bxa3 16. Nxa3 fxe4 17. fxe4 dxe4 18. 0-0-0 Bf5 19. Be2 Nf4 20. Bc4+ Be6 21. g3 Nh3 22. Rhf1 e3 23. Bxe6+ Rxe6 24. Rf5 g6 25. Rd5 exd2+ 26. R1xd2 Rae8 27. Nb5 R6e7 28. a4 a6 29. Na3 Re1+ 30. Kb2 R1e2 31. Nc4 Rxd2+ 32. Rxd2 Ng5 33. Ka3 Nf3 34. Rd7 Re7 35. Rd3 Nfe5 36. Nxe5 Rxe5 37. Rd2 Kf7 38. b4 Ke6 39. Kb3 h5 40. Rd3 Re2 41. h4 Ke7 42. b5 axb5 43. axb5 Ne5 44. Rd5 Re3 45. Kb4 Ke6 46. Rc5 Nd3+ 0-1